Gauguin /

Bibliographic Details
Main Author: Cachin, Françoise
Format: Book
Language:English
Published: Paris : Flammarion, 2003.
Edition:English language ed./rev. ed.
Subjects:

MARC

Tag First Indicator Second Indicator Subfields
LEADER 00000cam a2200000 a 4500
001 in00002000716
005 20151031123026.0
008 040202r20031990fr a b 001 0deng d
020 |a 2080304305 
035 |a (OCoLC)ocm54890287 
040 |a LPU  |c LPU  |d KSW  |d TXA  |d UtOrBLW 
043 |a e-fr--- 
049 |a TXAM 
090 |a N6853.G34  |b C3313 2003 
100 1 |a Cachin, Françoise. 
240 1 0 |a Gauguin.  |l English 
245 1 0 |a Gauguin /  |c Françoise Cachin ; translated by Bambi Ballard. 
250 |a English language ed./rev. ed. 
264 1 |a Paris :  |b Flammarion,  |c 2003. 
300 |a 311 pages :  |b illustrations (some color) ;  |c 34 cm. 
336 |a text  |b txt  |2 rdacontent 
337 |a unmediated  |b n  |2 rdamedia 
338 |a volume  |b nc  |2 rdacarrier 
500 |a English language edition originally published: Paris : Flammarion, 1990. 
500 |a Previous edition: London: Thames & Hudson, 1992. 
504 |a Includes bibliographical references (pages 298-300) and index. 
600 1 0 |a Gauguin, Paul,  |d 1848-1903. 
650 0 |a Painters  |z France  |v Biography. 
948 |a cataloged  |b h  |c 2005/2/17  |d c  |e dmitchel  |f 12:44:32 pm 
994 |a E0  |b TXA 
999 |a MARS 
999 f f |s 4e91625f-626d-334b-9ce3-e25c2b2f8ed3  |i 1e1031ce-3b0a-3af8-8a28-6d32b9953cac  |t 0 
952 f f |p ric  |a Texas A&M University  |b Rellis Campus  |c Joint Library Facility  |d Remote Storage  |t 0  |e N6853.G34 C3313 2003 e  |f Oversize  |h Library of Congress classification  |i unmediated -- volume  |m A14832487510 
998 f f |a N6853.G34 C3313 2003 e  |t 0  |l Remote Storage